000 00291nam a22001337a 4500
008 170628b xxu||||| |||| 00| 0 eng d
020 _a074470801467
041 _aeng
080 _a82
100 _a22
101 _aGJL
245 _aTHE GEORGIA REVIEW
_cLINDBERG.S.W
942 _2udc
_cBK
999 _c19435
_d19435